Top 15 happiest countries. - Statistics

General Stats
  • This quiz has been taken 25 times
  • The average score is 12 of 15
Answer Stats
First letter of country Answer % Correct
D Denmark
100%
F Finland
100%
I Iceland
95%
S Sweden
90%
A Austria
81%
B Belgium
81%
C Canada
81%
I Ireland
81%
L Luxembourg
81%
N Norway
81%
N Netherlands
76%
S Switzerland
71%
L Lithuania
52%
C Costa Rica
48%
I Israel
48%
No matching quizzes found
Score Distribution
Percent of People with Each Score
Percentile by Number Answered
Your Score History
You have not taken this quiz